|
|
|
|
| LEADER |
00000nam0a2200000 4500 |
| 001 |
673588 |
| 005 |
20240705125836.0 |
| 090 |
|
|
|a 673588
|
| 100 |
|
|
|a 20240705d1979 k||y0rusy50 ca
|
| 101 |
0 |
|
|a rus
|
| 102 |
|
|
|a RU
|
| 105 |
|
|
|a a z 001yy
|
| 181 |
|
0 |
|a i
|b e
|
| 182 |
|
0 |
|a n
|
| 183 |
|
0 |
|a nc
|2 RDAcarrier
|
| 200 |
1 |
|
|a Электрическая прочность изоляции междугородных кабелей
|f Н. Д. Калинин
|
| 203 |
|
|
|a Текст
|b визуальный
|c непосредственный
|
| 210 |
|
|
|a Москва
|c Связь
|d 1979
|
| 215 |
|
|
|a 88 с.
|c ил.
|
| 283 |
|
|
|a volume
|2 RDAcarrier
|
| 320 |
|
|
|a Список литературы: с. 85-86
|
| 606 |
|
|
|a Кабели связи
|x Изоляция
|9 39989
|
| 610 |
1 |
|
|a изоляционные конструкции
|
| 610 |
1 |
|
|a электрическая прочность
|
| 610 |
1 |
|
|a пробой
|
| 610 |
1 |
|
|a переменные напряжения
|
| 610 |
1 |
|
|a постоянные напряжения
|
| 610 |
1 |
|
|a импульсная электрическая прочность
|
| 610 |
1 |
|
|a испытания
|
| 675 |
|
|
|a 621.39.052
|v 4
|
| 700 |
|
1 |
|a Калинин
|b Н. Д.
|g Николай Дмитриевич
|
| 801 |
|
0 |
|a RU
|b 63413507
|c 20240705
|
| 830 |
|
|
|a Ретро2024Каталогизация Шило
|
| 850 |
|
|
|a 63413507
|
| 942 |
|
|
|c BK
|